Riconosci il Pokémon - Quiz n°742 - Statistics

Statistiche generali
  • Questo quiz è stato fatto 1 volte
  • Il punteggio medio è 3 su 10
Statistiche sulle risposte
Indizio Riposta % Corretto
Peso 420,0 kg
100%
Tipo Normale
100%
Generazione Quarta
100%
Tasso di cattura 3 (1.6%)
0%
Altezza 3,7 m
0%
Tasso di allevamento Lento
0%
Abilità Lentoinizio
0%
Stadio evoluzione Non si evolve
0%
Pokémon Regigigas
0%
Sesso Sconosciuto
0%
Nessun quiz corrispondente trovato
Distribuzione punteggi
Percentuale di utenti per punteggio
Percentile per numero di risposta
I tuoi punteggi nel tempo
Non hai fatto questo quiz